Sewangi kasih

Bibliographic Details
Main Author: Norzailina Nordin
Format: Book
Published: Kuala Lumpur : Berita Publishing Sdn.Bhd. , 1995
Series:Novela Romantis
Subjects:

MARC

LEADER 00000cam a2200000 7i4500
001 0000009379
002 000010213
005 20000330.0
020 |a 9679693376 
090 0 0 |a F   |b NOR 
100 0 |a Norzailina Nordin 
245 1 0 |a Sewangi kasih   |c Norzailina Nordin 
260 |a Kuala Lumpur :   |b Berita Publishing Sdn.Bhd. ,   |c 1995 
300 |a 182p. ;   |c 17cm. 
490 0 |a Novela Romantis 
650 0 0 |a General fiction, Malay 
999 |a 048135   |b BUKU   |c PINJAMAN   |e PERPUSTAKAAN KOMUNITI PETALING JAYA 
999 |a 048136   |b BUKU   |c PINJAMAN   |e PERPUSTAKAAN KOMUNITI PETALING JAYA